=LDR 00000nam 2200000 4500 =001 INLIS000000000020183 =005 20130612115147 =008 ***********************************Ind** =035 ##$$0010-061300000020183 =041 ##$$a Ind =082 ##$$a 808.83 =090 ##$$a 808.83, Tak r =100 ##$$a Takwin, Bagus =245 ##$$a Rnapsody Ngatan, Bagus Takwin =260 ##$$a 2005 $b Jakarta =300 ##$$a ix, 84 hlm, 20 cm =650 ##$$a Cerita Pendek Kumpulan =850 ##$$a NBPNMAT